01668nam a2200385 i 450000500170000000700030001700800410002002000180006104000350007904100080011404300120012208400120013410000430014624500500018924600290023925000220026826400400029030000250033033600270035533700330038233800280041550001020044350502480054552100380079358601670083165000380099865000420103665000400107865000320111865000240115065000230117471000550119794200150125299900150126720220317002019.0ta201106s2016 ck ||||er|||| 00| d spa d a9789584699299 aCO-BoRNBPbspaerdacCO-BoRNBP0 aspa as-ck--- aT GUE141 aGuevara Quiroz, William d1971-eautor10a10 obras dramáticascWilliam Guevara Quiroz3 aDiez obras dramáticas aPrimera edición 1aBogotábPúrpura Creactivoc2016 a332 páginasc22 cm 2rdacontentatextobtxt 2rdamediaasin mediaciónbn 2rdacarrieravolumenbnc aLos montajes de las obras originales han sido realizados por el grupo teatral Púrpura Creactivo tNada del otro mundotDos pequeños deseostA tres historias de amor, ausencia y aguatEl clan de los inmortalestAdorada Ylla. Un sueño marcianotHappy Birthday VirgiliatBizarrotSonrisa de pirañatV/ben estrellatFantasías caníbales aRecomendado para público adulto aAutor galardonado con la Beca Apoyo a Organizaciones Profesionales de Trayectoria en las Artes Escénicas de Teatro y Circo del Ministerio de Cultura de Colombia172LEMBaTeatro colombianoySiglo XX172LEMBaLiteratura colombianaySiglo XX172LEMBaAutores colombianosySiglo XX172LEMBaInmortalidad vTeatro172LEMBaDeseovTeatro172LEMBaAmorvTeatro2 aPúrpura Creactivo (Compañía Teatral)9159131 2loccBKLIT c8895d8895